Rainforest Animals by Picture - Statistics

General Stats
  • This quiz has been taken 83 times
  • The average score is 17 of 24
Answer Stats
Picture Answer % Correct
Scarlet Macaw
93%
Gorilla
92%
Jaguar
92%
Sloth
92%
Toco Toucan
92%
Anteater
85%
Lemur
85%
Orangutan
85%
Piranha
78%
Red-eyed {Tree}frog
78%
Tapir
78%
Capybara
75%
{Poison Dart} Frog
73%
{Amazon River} Dolphin
72%
Harpy Eagle
68%
Ocelot
68%
Caiman
65%
{Sun} Bear
63%
Aye-Aye
60%
Cassowary
57%
{Leafcutter} Ant
52%
{Howler} Monkey
50%
Okapi
50%
Blue {Morpho} Butterfly
20%
No matching quizzes found
Score Distribution
Percent of People with Each Score
Percentile by Number Answered
Your Score History
You have not taken this quiz